[Event "Moscow op-E"]
[Site "Moscow"]
[Date "2011.01.30"]
[Round "2.32"]
[White "Pestrov, Yury"]
[Black "Kharlov, Andrei"]
[Result "0-1"]
[WhiteElo "2205"]
[BlackElo "2516"]
[PlyCount "38"]
[EventDate "2011.01.29"]
[EventType "swiss"]
[EventRounds "9"]
[EventCountry "RUS"]
[SourceTitle "EXT 2022"]
[Source "ChessBase"]
[SourceDate "2021.10.06"]
[SourceVersion "1"]
[SourceVersionDate "2021.10.06"]
[SourceQuality "1"]

1. e4 c5 2. Nf3 e6 3. c3 Nf6 4. e5 Nd5 5. d4 cxd4 6. cxd4 b6 7. Nc3 Bb7 8. Bd3 Na6 9. 0-0 Nab4 10. Bb1 Nxc3 11. bxc3 Nd5 12. Bd2 Rc8 13. Ng5 Nxc3 14. Qh5 g6 15. Qg4 h5 16. Nxf7 hxg4 17. Nxd8 Nxb1 18. Bg5 Bd5 19. Raxb1 Be7 0-1